00993namaa22002051 4500001000700000003000900007005001700016008004100033080001000074080001100084100004500095245033400140260007200474300002200546650003100568650002500599852002000624999001900644952012400663174287ES-MaACL20250717061210.0100323s1854 sp r |||| | spa d a230.1 a141.121 aDebreyne, Pierre-Jean-Corneille.914237010aPensamientos de un creyente católico, ó sean consideraciones filosoficas morales y religiosas sobre el materialismo moderno, y otros puntos, como el alma de las bestias, la frenologìa, el suicidio, el duelo ó desafio y el magnetismo animal / cobra... por P. J. C. Debreyne traducida al español de la tercera edición. aBarcelona : bLibrería Religiosa, c1854 (fImpr. de Pablo Riera) a322 p. ; c22 cm.07aMaterialismo2embne91484704aApologética.99921 aES-MaACLjC-667 c174287d174287 001040708LIBXIXaATENEOMbATENEOMcSPALd2010-03-23eCOMl0oC-667p1182941r2023-02-23 00:00:00w2023-02-23yMONANT